Which Way to Pakistan (Record no. 171)
[ view plain ]
| 000 -LEADER | |
|---|---|
| fixed length control field | 00614nam a2200229 a 4500 |
| 020 ## - INTERNATIONAL STANDARD BOOK NUMBER | |
| ISBN | |
| 082 00 - DEWEY DECIMAL CLASSIFICATION NUMBER | |
| Classification number | 297.86 |
| Author Cutter | AAI2 |
| 245 ## - TITLE STATEMENT | |
| Title | Which Way to Pakistan |
| 260 ## - PUBLICATION, DISTRIBUTION, ETC. (IMPRINT) | |
| Place of publication | Lahore |
| Name of publisher | Ahmadiyya Anjuman Ishaat-E-Islam |
| Year of publication | 1941 |
| 300 ## - PHYSICAL DESCRIPTION | |
| Number of Pages | 10p |
| 500 ## - GENERAL NOTE | |
| General note | includes index and biblioraphy |
| 505 2# - FORMATTED CONTENTS NOTE | |
| Formatted contents note | Meeting of the N C C Nagpur Dec,28,1939-Jan 2,1940 |
| 650 ## - SUBJECT ADDED ENTRY--TOPICAL TERM | |
| Topical Term | Ahmadiyyah-Pakistan |
| 942 ## - ADDED ENTRY ELEMENTS (KOHA) | |
| Koha item type | Books |
| Collection code | Home library | Current library | Date acquired | Cost, normal purchase price | Full call number | Accession Number | Koha item type |
|---|---|---|---|---|---|---|---|
| Henry Martyn Institute Library | Henry Martyn Institute Library | 05/24/2005 | 0.00 | 297.86 AAI2 | 04895 | Books |
